000 00528nam a22001937a 4500
005 20260420120052.0
008 260420b |||||||| |||| 00| 0 eng d
020 _a9781119486312
050 _aQH 84. C69 2020
100 _aCOX, C. BARRY
245 _aBIOGEOGRAPHY: AN ECOLOGICAL AND EVOLUTIONARY APPROACH.
250 _a10TH
260 _aUSA,
_bJOHN WILEY AND SONS LTD .
_c2020.
300 _aXV,498 P, ILL
500 _aINCLUDES INDEX.
650 _aBIOGEOGRAPHY
700 _aLADLE, RICHARD J.
942 _2lcc
_cBK
999 _c217017
_d217017